Central Library OPAC University of Rajshahi

The political thought of the German romantics, 1793-1815 / (Record no. 36026)

MARC details
000 -LEADER
fixed length control field 01102nam a22003011 4500
001 - CONTROL NUMBER
control field 36026
003 - CONTROL NUMBER IDENTIFIER
rucl marc code BD-RjUL
005 - DATE AND TIME OF LATEST TRANSACTION
control field 20211209052423.0
008 - FIXED-LENGTH DATA ELEMENTS--GENERAL INFORMATION
fixed length control field 140615s1955 enk b 000 0 eng d
035 ## - SYSTEM CONTROL NUMBER
System control number (BD-RjUL)36123
System control number (OCoLC)289383
040 ## - CATALOGING SOURCE
Original cataloging agency Rochester. Univ. Libr.
Transcribing agency OUrC
Modifying agency OCoLC
-- Uk
-- DLC
-- BD-RjUL
Language of cataloging eng
041 ## - LANGUAGE CODE
Language code of text/sound track or separate title eng
082 00 - DEWEY DECIMAL CLASSIFICATION NUMBER
Classification number 320.943
Author mark and year POL 1955
245 14 - TITLE STATEMENT
Title The political thought of the German romantics, 1793-1815 /
Statement of responsibility, etc. Hans Siegbert Reiss,
260 ## - PUBLICATION, DISTRIBUTION, ETC. (IMPRINT)
Place of publication, distribution, etc. Oxford :
Name of publisher, distributor, etc. Blackwell,
Date of publication, distribution, etc. 1955.
300 ## - PHYSICAL DESCRIPTION
Pagination vii, 211 p. ;
Size 20 cm.
490 0# - SERIES STATEMENT
Series statement Blackwell's political texts
500 ## - GENERAL NOTE
General note "Passages from Fichte, Novalis, Adam Müller and Schleiermacher translated and passages from Savigny adapted from the translation of Abraham Hayward by H. S. Reiss and P. Brown."
504 ## - BIBLIOGRAPHY, ETC. NOTE
Bibliography, etc Includes bibliographies.
650 #0 - SUBJECT ADDED ENTRY--TOPICAL TERM
Topical term or geographic name as entry element Political science
Geographic subdivision Germany
General subdivision History.
9 (RLIN) 109677
Topical term or geographic name as entry element Political science.
9 (RLIN) 109678
Topical term or geographic name as entry element Romanticism
Geographic subdivision Germany.
9 (RLIN) 109679
700 1# - ADDED ENTRY--PERSONAL NAME
Personal name Reiss, Hans Siegbert,
942 ## - ADDED ENTRY ELEMENTS (KOHA)
Source of classification or shelving scheme Dewey Decimal Classification
Koha item type Books
Holdings
Lost status Source of classification or shelving scheme Damaged status Not for loan Collection code Permanent Location Current Location Shelving location Date acquired Source of acquisition Cost, normal purchase price Total Checkouts Full call number Date last seen Copy number Koha item type
  Dewey Decimal Classification   Not For Loan Non-fiction Central Library, University of Rajshahi Central Library, University of Rajshahi Reading Room 09/08/1964 Zeitlinger 18.00   320.943 POL 1955 15/06/2014 C-1 Books